000
00350nam a2200133Ia 4500
003
GCL
008
140319s9999 xx 000 0 ara d
040
_a
GCL /
_c
GCL
082
0
4
_a
239.8
_b
م ف
245
1
0
_a
فى بيت النبى صلى الله عليه وسلم
260
_a
[S.N] :
_b
مكتبة مدبولى ،
_c
1991
300
_a
51
490
_a
999
_c
54909
_d
54909